000 00427nam a2200181Ia 4500
001 10108
005 20260306161807.0
008 260306t2022||||xx |||||||||||||| ||spa||
041 _aESP
082 _aCZ 891.86
_bK94
100 _aKundera, Milan
_eAUT
245 0 _aLa insoportable levedad del ser
260 _c2022
300 _a327 páginas :
_c19 cm.
650 _aGEN
654 _aCHU
942 _cLIB
_dJUS
_fJUS
_2ddc
_n
999 _c10108
_d10108